Nabalení baliči balili obaly...
Teória obalov a ich funkcie. Obal ako významný marketingový nástroj. Kritériá výberu vhodného obalu. Prínosy správnej voľby obalu pre výrobcu.
Enregistré dans:
| Auteur principal: | |
|---|---|
| Format: | Chapitre de livre |
| Langue: | slovaque |
| Sujets: | |
| Tags: |
Pas de tags, Soyez le premier à ajouter un tag!
|
MARC
| LEADER | 00000naa a2200000 4500 | ||
|---|---|---|---|
| 001 | r032607 | ||
| 005 | 20230929112523.0 | ||
| 041 | 0 | |a slo | |
| 044 | |a SK | ||
| 245 | 1 | 0 | |a Nabalení baliči balili obaly... |c Eva Krajmerová |
| 520 | |a Teória obalov a ich funkcie. Obal ako významný marketingový nástroj. Kritériá výberu vhodného obalu. Prínosy správnej voľby obalu pre výrobcu. | ||
| 610 | 2 | 0 | |a obaly |
| 610 | 2 | 0 | |a technika obalová |
| 610 | 2 | 0 | |a balenie |
| 610 | 2 | 0 | |a nástroje marketingové |
| 100 | 1 | |a Krajmerová, Eva | |